Современные методы измерения деформаций и напряжений: учебное пособие

Bibliografiske detaljer
Hovedforfatter: Маркочев В. М. Виктор Михайлович
Institution som forfatter: Университет технического прогресса в машиностроении
Sprog:russisk
Udgivet: Москва, Машиностроение, 1990
Fag:
Format: MixedMaterials Bog
KOHA link:https://koha.lib.tpu.ru/cgi-bin/koha/opac-detail.pl?biblionumber=145425

MARC

LEADER 00000nam0a2200000 4500
001 145425
005 20231101221146.0
010 |a 521700780X 
020 |a RU  |b 90-65995 
035 |a (RuTPU)RU\TPU\book\157631 
090 |a 145425 
100 |a 20081016d1990 m a0rusy5003 ca 
101 0 |a rus 
102 |a RU 
105 |a a j 001zy 
200 1 |a Современные методы измерения деформаций и напряжений  |e учебное пособие   |f В. М. Маркочев  |g Университет технического прогресса в машиностроении 
210 |a Москва  |c Машиностроение  |d 1990 
215 |a 44,[3] с.  |c ил.  |d 22 см 
320 |a Библиогр.: с. 46. (10 назв.) 
610 1 |a машиностроительные конструкции 
610 1 |a напряжения 
610 1 |a деформация 
610 1 |a измерения 
675 |a 621:53.08(075)  |z rus 
700 1 |a Маркочев  |b В. М.  |g Виктор Михайлович  |4 070 
712 0 2 |a Университет технического прогресса в машиностроении  |2 stltpush  |3 (RuTPU)RU\TPU\col\8721  |9 24571 
801 0 |a RU  |b RuMRKP  |c 19950417  |g psbo 
801 1 |a RU  |b 63413507  |c 20081016  |g PSBO 
801 2 |a RU  |b 63413507  |c 20090112  |g PSBO 
942 |c BK